| Поле | Инд. | ПП | Название | Значение |
|---|---|---|---|---|
| Тип записи | a | |||
| Библиографический уровень | m | |||
| 001 | Контрольный номер | ef60027db96d4e3b9413f69a8293f23c | ||
| 005 | Дата корректировки | 20161118154301.1 | ||
| 008 | Кодируемые данные | 080506 | ||
| 020 | a | ISBN | 5-9667-0252-7 | |
| c | Цена, тираж | 20.00 | ||
| 040 | a | Служба первич. каталог. | НБ ТвГУ | |
| 041 | a | Код языка текста | rus | |
| 080 | a | Индекс УДК | 373.5.016:796.4 | |
| a | Индекс УДК | 796.4 | ||
| 084 | a | Индекс другой классификации/Индекс ББК | Ч426.75 | |
| a | Индекс другой классификации/Индекс ББК | Ч516 | ||
| 090 | x | Авторский знак | М91 | |
| a | Полочн. индекс | Ч426.75 | ||
| 100 | 1_ | a | Автор | Муратова Лариса Валентиновна |
| 245 | 00 | a | Заглавие | Суставная гимнастика |
| c | Ответственность | Л. В. Муратова | ||
| 260 | 0_ | a | Место издания | Москва |
| b | Издательство | Чистые пруды | ||
| c | Дата издания | 2006 | ||
| 300 | a | Объем | 31 с. | |
| b | Иллюстрации/ тип воспроизводства | ил. | ||
| 440 | a | Серия | Библиотечка "Первого сентября" | |
| a | Серия | Спорт в школе | ||
| 490 | _0 | v | N тома | вып. 6 (12) |
| 583 | a | Действие | Получение впервые 117 05.05.2008 | |
| k | Исполнитель действия | Дар ООО "Чистые пруды" | ||
| 650 | a | Основная рубрика | Физическая культура | |
| x | Основная подрубрика | Методика преподавания в средней школе | ||
| 650 | a | Основная рубрика | Гимнастика суставная | |
| 653 | a | Ключевые слова | Физическая культура в школе | |
| a | Ключевые слова | Преподавание физической культуры | ||
| a | Ключевые слова | Гимнастика в школе | ||
| a | Ключевые слова | Суставная гимнастика | ||
| a | Ключевые слова | Методика | ||
| 700 | 1_ | a | Другие авторы | Леонтьева О. М. |
| e | Роль лиц | общ. ред. | ||
| 852 | t | Порядковый номер экземпляра | 1 | |
| p | Инвентарный номер | 907476 | ||
| 863 | t | 00218132 | ||
| 888 | a | Бесплатные | ||
| 930 | a | Новая/Ретро | методика | |
| 952 | p | 117.2008 20.00 1 907476 | ||
| c | Вид литературы | К ру | ||
| 954 | a | Дата поступления на обработку | 20080514 | |
| 999 | a | Подразделение 2 | Фил2 |